Katoti bunyimi bowodi : Lelemi. (Record no. 40163)
[ view plain ]
| 000 -LEADER | |
|---|---|
| fixed length control field | 00769nam a22002171a 4500 |
| 005 - DATE AND TIME OF LATEST TRANSACTION | |
| control field | 20110718133202.0 |
| 008 - FIXED-LENGTH DATA ELEMENTS--GENERAL INFORMATION | |
| fixed length control field | 091005s1995 001 0 eng d |
| 020 ## - INTERNATIONAL STANDARD BOOK NUMBER | |
| Terms of availability | 0.00 |
| 040 ## - CATALOGING SOURCE | |
| Original cataloging agency | NEGST Library - Kenya |
| 050 #4 - LIBRARY OF CONGRESS CALL NUMBER | |
| Classification number | BS 325.L45 1995 |
| 082 0# - DEWEY DECIMAL CLASSIFICATION NUMBER | |
| Classification number | BS 325.L45 1995 |
| 100 1# - MAIN ENTRY--PERSONAL NAME | |
| Personal name | Bible League (South Holland, Ill.) |
| 245 10 - TITLE STATEMENT | |
| Title | Katoti bunyimi bowodi : Lelemi. |
| 260 ## - PUBLICATION, DISTRIBUTION, ETC. (IMPRINT) | |
| Name of publisher, distributor, etc | Bible League in cooperat, |
| Date of publication, distribution, etc | 1995. |
| 300 ## - PHYSICAL DESCRIPTION | |
| Extent | 603 p. : ill., m. |
| 500 ## - GENERAL NOTE | |
| General note | "The New Testament the Lelemi language, Ghana, West Africa." - T.p. verso. Maps on end papers. [Africana] |
| 600 10 - SUBJECT ADDED ENTRY--PERSONAL NAME | |
| Personal name | Lelemi language - Texts. |
| 600 10 - SUBJECT ADDED ENTRY--PERSONAL NAME | |
| Personal name | Bible. N.T. Lelemi. 1995. |
| 700 1# - ADDED ENTRY--PERSONAL NAME | |
| Personal name | Ghana Institute of Linguistics, Literacy. |
| 852 ## - LOCATION/CALL NUMBER | |
| -- | 4.00 |
| Withdrawn status | Lost status | Source of classification or shelving scheme | Damaged status | Not for loan | Collection code | Home library | Current library | Shelving location | Date acquired | Cost, normal purchase price | Full call number | Barcode | Date last seen | Price effective from | Koha item type |
|---|---|---|---|---|---|---|---|---|---|---|---|---|---|---|---|
| Library of Congress Classification | Reference | AIU/NEGST - Tony Wilmot Memorial Library | AIU/NEGST - Tony Wilmot Memorial Library | Reference | 02/05/2010 | 4.00 | REF BS 325.L45 1995 | R41735Y3232 | 09/26/2019 | 02/05/2010 | Africana collection ( Reference) |
